Autobiographies Quiz Stats

 Plays Quiz Updated Sep 23, 2019

Score 0/24 Timer 07:00
0 Plays Today
Book Title Autobiography of % Correct
Mein KampfAdolf Hitler
89.6%
Dreams from My FatherBarack Obama
61.1%
I Know Why the Caged Bird SingsMaya Angelou
57.4%
My LifeBill Clinton
33.8%
My Life in FranceJulia Child
31.6%
Living HistoryHillary Clinton
31%
Reaching for the MoonBuzz Aldrin
26.2%
Born Standing Up: A Comic's LifeSteve Martin
24.9%
Long Walk to FreedomNelson Mandela
24%
Scar TissueAnthony Kiedis
15.6%
Black BoyRichard Wright
15.5%
Up From SlaveryBooker T. Washington
15.2%
Book Title Autobiography of % Correct
Faith of My FathersJohn McCain
14.5%
An American LifeRonald Reagan
14.6%
Kitchen ConfidentialAnthony Bourdain
14.3%
The Way I AmEminem
9.4%
Always Looking UpMichael J. Fox
8.5%
Losing My VirginityRichard Branson
6.8%
AuditionBarbara Walters
5.9%
The Story of My LifeHelen Keller
5.5%
My Grandfather's SonClarence Thomas
5.3%
ChroniclesBob Dylan
5%
The Measure of a ManSidney Poitier
4.3%
Up Till NowWilliam Shatner
2%

You're not logged in!

Compare scores with friends on all Sporcle quizzes.
OR
Log In

Sporcle TV

Today on Sporcle TV


Watch our educational content, quiz creation guides, and fun videos on Sporcle TV.

Show Comments

Extras

Top Quizzes Today


Score Distribution

Your Account Isn't Verified!

In order to create a playlist on Sporcle, you need to verify the email address you used during registration. Go to your Sporcle Settings to finish the process.

Report this User

Report this user for behavior that violates our Community Guidelines.

Details: